000
00303nam a22001337a 4500
008
171220b xxu||||| |||| 00| 0 eng d
020
_a
9780810391574
041
_a
eng
080
_a
53
100
_a
43
101
_a
FIZ
245
_a
PHYSICAL SCIENCES CAREER DIRECTORY
_c
MORGAN,B.J
942
_2
udc
_c
BK
999
_c
39214
_d
39214